00343nam a22001457a 4500020001800000082001200018100001700030245003000047250001200077260003000089300001000119650002500129650002100154700002200175 a9788120350670 a004 RAJ aV. Rajaraman aFundamentals of Computers a6th ed. aDelhibPHI learningc2015 a428p. aComputer programming aComputer science aNeeharika Adabala